[Event "Asia Cities-ch 16th"]
[Site "Beirut"]
[Date "2009.04.20"]
[Round "6.4"]
[White "Navabi, Shirin"]
[Black "Shrestha, Sujendra Prasad"]
[Result "1-0"]
[WhiteElo "2092"]
[BlackElo "2064"]
[PlyCount "141"]
[EventDate "2009.04.16"]
[EventType "team-swiss"]
[EventRounds "9"]
[EventCountry "LBN"]
[SourceTitle "EXT 2020"]
[Source "ChessBase"]
[SourceDate "2019.10.17"]
[SourceVersion "1"]
[SourceVersionDate "2019.10.17"]
[SourceQuality "1"]
[WhiteTeam "Bandar Imam Khomeini"]
[BlackTeam "Kathmandu"]
[WhiteTeamCountry "IRI"]
[BlackTeamCountry "NEP"]

1. Nf3 d5 2. c4 e6 3. d4 Nf6 4. g3 c6 5. Qc2 Nbd7 6. Bg2 Be7 7. 0-0 b6 8. b3 0-0 9. Nc3 Bb7 10. Rd1 Rc8 11. e4 dxe4 12. Nxe4 c5 13. Nxf6+ Bxf6 14. Bb2 Qe7 15. Ng5 Bxg5 16. Bxb7 Rc7 17. Be4 f5 18. d5 exd5 19. Bxd5+ Kh8 20. Re1 Qd8 21. Rad1 Bf6 22. Be6 Bxb2 23. Qxb2 Qf6 24. Qxf6 Nxf6 25. Bxf5 g6 26. Bh3 Re8 27. Rxe8+ Nxe8 28. Rd8 Re7 29. Bd7 Kg7 30. Bxe8 Re2 31. Ba4 a6 32. Rd6 b5 33. cxb5 axb5 34. Bxb5 Rxa2 35. Rc6 Rb2 36. Bc4 h5 37. h4 Rd2 38. Rxc5 Kf6 39. Kg2 Rb2 40. Kf3 Kg7 41. Rc6 Kh7 42. Rc7+ Kh6 43. Bg8 g5 44. hxg5+ Kxg5 45. Rc5+ Kg6 46. Ke3 Rb1 47. Kf4 Rf1 48. f3 Rh1 49. Rc6+ Kg7 50. Be6 h4 51. gxh4 Rxh4+ 52. Kg5 Rh2 53. Rc7+ Kh8 54. Rc8+ Kg7 55. Rc7+ Kh8 56. Bg4 Rd2 57. Bf5 Rd6 58. b4 Rb6 59. Rc4 Kg7 60. f4 Kf7 61. Be4 Kg7 62. f5 Kf7 63. Bd5+ Kg7 64. Be6 Rb5 65. Bd7 Rb7 66. Rd4 Kf7 67. b5 Kg7 68. Bc6 Rb8 69. f6+ Kf7 70. Bd7 Kg8 71. Kg6 1-0

[Event "Asia Cities-ch 16th"]
[Site "Beirut"]
[Date "2009.04.16"]
[Round "1.2"]
[White "Al Ali, Hussein Ali Hussein"]
[Black "Navabi, Shirin"]
[Result "1/2-1/2"]
[WhiteElo "2359"]
[BlackElo "2092"]
[PlyCount "150"]
[EventDate "2009.04.16"]
[EventType "team-swiss"]
[EventRounds "9"]
[EventCountry "LBN"]
[SourceTitle "EXT 2020"]
[Source "ChessBase"]
[SourceDate "2019.10.17"]
[SourceVersion "1"]
[SourceVersionDate "2019.10.17"]
[SourceQuality "1"]
[WhiteTeam "Baghdad"]
[BlackTeam "Bandar Imam Khomeini"]
[WhiteTeamCountry "IRQ"]
[BlackTeamCountry "IRI"]

1. e4 e5 2. Nf3 Nf6 3. d3 d5 4. Nbd2 Nc6 5. Be2 Be7 6. 0-0 0-0 7. c3 h6 8. b4 a6 9. a3 Bg4 10. Bb2 Bxf3 11. Bxf3 d4 12. Nb3 dxc3 13. Bxc3 Re8 14. Bb2 Bf8 15. Rc1 Qd7 16. Qc2 Rad8 17. Rfd1 Bd6 18. Nc5 Bxc5 19. Qxc5 Qe7 20. Be2 Qxc5 21. Rxc5 Re7 22. Rdc1 Nd7 23. R5c2 Nf8 24. Bf1 Rdd7 25. g3 f6 26. f4 Ne6 27. Rf2 Ned4 28. Rc4 Rd8 29. Bc1 Red7 30. Be3 Re7 31. h4 Red7 32. Kg2 Re7 33. Rb2 Red7 34. a4 Re7 35. b5 axb5 36. axb5 Na5 37. Rcb4 b6 38. Bxd4 exd4 39. Ra4 Nb7 40. Kf2 Nc5 41. Ra7 Kf8 42. Ke2 Rd6 43. Kd2 Kf7 44. Be2 Rd8 45. Bd1 Red7 46. Bg4 Re7 47. h5 Rd6 48. Bf5 Rd8 49. Kc2 Ne6 50. Rba2 Nc5 51. Ra8 Rxa8 52. Rxa8 c6 53. bxc6 Rc7 54. Bg6+ Ke6 55. Re8+ Kd6 56. Rd8+ Kxc6 57. Rxd4 Re7 58. Rb4 Kc7 59. Rb1 Kc6 60. Re1 Ne6 61. Kc3 Kc5 62. e5 fxe5 63. Rxe5+ Kd6 64. d4 Ra7 65. Bc2 Rc7+ 66. Kd3 Nxd4 67. Kxd4 Rxc2 68. g4 Rd2+ 69. Kc4 Rg2 70. g5 Rg4 71. Rf5 hxg5 72. Rxg5 Rxf4+ 73. Kb5 Rh4 74. Kxb6 Ke6 75. Rxg7 Rxh5 1/2-1/2

[Event "IRI-ch (Women)"]
[Site "Tehran"]
[Date "2008.02.23"]
[Round "8"]
[White "Navabi, Shirin"]
[Black "Hemmatizadeh, Nina"]
[Result "1-0"]
[WhiteElo "2120"]
[BlackElo "1915"]
[PlyCount "69"]
[EventDate "2008.02.16"]
[EventType "tourn"]
[EventRounds "11"]
[EventCountry "IRI"]
[SourceTitle "CBM 123 Extra"]
[Source "ChessBase"]
[SourceDate "2008.05.06"]
[SourceVersion "1"]
[SourceVersionDate "2008.05.06"]
[SourceQuality "1"]

1. Nf3 Nf6 2. c4 g6 3. g3 Bg7 4. Bg2 0-0 5. 0-0 d6 6. d4 c5 7. Nc3 Nc6 8. d5 Na5 9. Nd2 Rb8 10. a3 b6 11. b4 Nxd5 12. Nxd5 Bxa1 13. bxa5 bxa5 14. Nb3 Bg7 15. Bg5 Re8 16. Bd2 a4 17. Ba5 Qd7 18. Nd2 Bb7 19. Ne4 Bc6 20. Bc3 Bxd5 21. cxd5 Bxc3 22. Nxc3 Rb3 23. Qc1 Reb8 24. Be4 Qc7 25. Nb1 Qa5 26. f4 Rb2 27. f5 Kg7 28. Qf4 f6 29. fxg6 hxg6 30. Qg4 g5 31. h4 Rg8 32. hxg5 Kf8 33. Qc8+ Kf7 34. Qe6+ Kf8 35. g6 1-0

[Event "Asia-ch (Women) 12th"]
[Site "Tehran"]
[Date "2007.09.08"]
[Round "6"]
[White "Navabi, Shirin"]
[Black "Munguntuul, Batkhuyag"]
[Result "0-1"]
[WhiteElo "2121"]
[BlackElo "2261"]
[PlyCount "70"]
[EventDate "2007.09.03"]
[EventType "swiss"]
[EventRounds "9"]
[EventCountry "IRI"]
[SourceTitle "CBM 120 Extra"]
[Source "ChessBase"]
[SourceDate "2007.11.01"]
[SourceVersion "1"]
[SourceVersionDate "2007.11.01"]
[SourceQuality "1"]

1. Nf3 d5 2. c4 c6 3. Qc2 Nf6 4. d4 dxc4 5. Qxc4 Bf5 6. g3 e6 7. Bg2 Be7 8. Nc3 0-0 9. 0-0 Nbd7 10. e3 h6 11. h3 Rc8 12. Qe2 Ne4 13. Rd1 Qa5 14. Bd2 Bb4 15. Nb1 c5 16. a3 Bxd2 17. Nbxd2 Nxd2 18. Rxd2 c4 19. e4 Bh7 20. Rc1 c3 21. Rxc3 Rxc3 22. bxc3 Qxc3 23. Rd3 Qc1+ 24. Ne1 Nf6 25. f3 Rc8 26. Bf1 Qg5 27. Kh2 Qc1 28. Kg1 Bg6 29. Qd1 Qg5 30. f4 Qa5 31. f5 exf5 32. e5 Nd5 33. Rb3 a6 34. Bd3 Bh5 35. Nc2 Bxd1 0-1

[Event "Asia-ch (Women) 12th"]
[Site "Tehran"]
[Date "2007.09.04"]
[Round "2"]
[White "Pourkashiyan, Atousa"]
[Black "Navabi, Shirin"]
[Result "1-0"]
[WhiteElo "2322"]
[BlackElo "2121"]
[PlyCount "63"]
[EventDate "2007.09.03"]
[EventType "swiss"]
[EventRounds "9"]
[EventCountry "IRI"]
[SourceTitle "CBM 120 Extra"]
[Source "ChessBase"]
[SourceDate "2007.11.01"]
[SourceVersion "1"]
[SourceVersionDate "2007.11.01"]
[SourceQuality "1"]

1. e4 e5 2. Nf3 Nf6 3. Nxe5 d6 4. Nf3 Nxe4 5. d4 d5 6. Bd3 Be7 7. 0-0 Nc6 8. c4 Nf6 9. h3 0-0 10. Nc3 Be6 11. c5 b6 12. Bb5 Nb8 13. Be3 c6 14. Ba4 Ne4 15. Ne5 Nxc3 16. bxc3 Qc8 17. Qf3 f6 18. Nd3 Bf5 19. Nf4 Be4 20. Qg3 Kh8 21. Rfe1 Bd8 22. Nh5 Bg6 23. Bd1 Bxh5 24. Bxh5 Bc7 25. Bf4 Bxf4 26. Qxf4 bxc5 27. Re7 Nd7 28. Rae1 Qd8 29. Qg4 g6 30. Bxg6 Ne5 31. Rxh7+ Kg8 32. dxe5 1-0

[Event "Abu Dhabi op 17th"]
[Site "Abu Dhabi"]
[Date "2007.08.15"]
[Round "4"]
[White "Navabi, Shirin"]
[Black "Khouri, Ahmed Abbas"]
[Result "1-0"]
[WhiteElo "2121"]
[BlackElo "1957"]
[PlyCount "89"]
[EventDate "2007.08.12"]
[EventType "swiss"]
[EventRounds "9"]
[EventCountry "UAE"]
[SourceTitle "CBM 119 Extra"]
[Source "ChessBase"]
[SourceDate "2007.09.04"]
[SourceVersion "1"]
[SourceVersionDate "2007.09.04"]
[SourceQuality "1"]

1. c4 Nf6 2. g3 d5 3. cxd5 Nxd5 4. Bg2 e6 5. d4 Bb4+ 6. Bd2 0-0 7. e4 Bxd2+ 8. Qxd2 Nb6 9. Nf3 Nc6 10. 0-0 Qe7 11. Rd1 Rd8 12. Qe2 Qb4 13. a3 Qc4 14. Nc3 Qxe2 15. Nxe2 Nc4 16. b3 Nd6 17. Ne5 Ne7 18. Rac1 c6 19. Nc3 f6 20. Nd3 a6 21. a4 Nf7 22. Nb2 b5 23. a5 Bb7 24. Ne2 Rd6 25. f4 Rad8 26. e5 R6d7 27. Nd3 Rc7 28. Nc5 Bc8 29. Bh3 f5 30. Bg2 Nd5 31. Kf2 Nh6 32. h3 Kf7 33. Bf3 Ng8 34. Rg1 Nge7 35. Bh5+ g6 36. Bf3 Nb4 37. g4 Ned5 38. gxf5 exf5 39. h4 Na2 40. Rc2 Nab4 41. Rd2 Rg8 42. h5 Kf8 43. Rdd1 Rcg7 44. hxg6 hxg6 45. Rh1 1-0

[Event "Abu Dhabi op 17th"]
[Site "Abu Dhabi"]
[Date "2007.08.12"]
[Round "1"]
[White "Khader, Sami"]
[Black "Navabi, Shirin"]
[Result "1-0"]
[WhiteElo "2422"]
[BlackElo "2121"]
[PlyCount "57"]
[EventDate "2007.08.12"]
[EventType "swiss"]
[EventRounds "9"]
[EventCountry "UAE"]
[SourceTitle "CBM 119 Extra"]
[Source "ChessBase"]
[SourceDate "2007.09.04"]
[SourceVersion "1"]
[SourceVersionDate "2007.09.04"]
[SourceQuality "1"]

1. Nf3 Nf6 2. d3 d5 3. Nbd2 Bg4 4. h3 Bh5 5. e4 e6 6. c3 c5 7. Be2 Be7 8. 0-0 0-0 9. g4 Bg6 10. Ne5 Nbd7 11. Nxg6 hxg6 12. f4 Qc7 13. e5 Nh7 14. d4 cxd4 15. cxd4 Qb6 16. Nf3 Rac8 17. Bd3 Rfd8 18. Qe2 Nhf8 19. Be3 f5 20. Kh1 Nb8 21. Rg1 Kf7 22. Rg2 Nfd7 23. gxf5 gxf5 24. Ng5+ Bxg5 25. Qh5+ Ke7 26. Qxg5+ Ke8 27. Qg6+ Ke7 28. Qxg7+ Ke8 29. Qg6+ 1-0

[Event "Dubai op 09th"]
[Site "Dubai"]
[Date "2007.04.22"]
[Round "1"]
[White "Kayumov, Sergey"]
[Black "Navabi, Shirin"]
[Result "0-1"]
[WhiteElo "2425"]
[BlackElo "2070"]
[PlyCount "22"]
[EventDate "2007.04.22"]
[EventType "swiss"]
[EventRounds "9"]
[EventCountry "UAE"]
[SourceTitle "CBM 118 Extra"]
[Source "ChessBase"]
[SourceDate "2007.07.04"]
[SourceVersion "1"]
[SourceVersionDate "2007.07.04"]
[SourceQuality "1"]

1. d4 f5 2. Bg5 d5 3. e3 Nf6 4. Bxf6 exf6 5. Bd3 Be6 6. Qf3 Qd7 7. Ne2 Nc6 8. a3 0-0-0 9. Nd2 Kb8 10. c4 dxc4 11. Bxc4 Ne5 0-1

[Event "Asia Cities-ch 15th"]
[Site "Tehran"]
[Date "2007.03.07"]
[Round "8.1"]
[White "Navabi, Shirin"]
[Black "Jumabayev, Rinat"]
[Result "0-1"]
[WhiteElo "2522"]
[BlackElo "2081"]
[PlyCount "46"]
[EventDate "2007.03.02"]
[EventType "team-swiss"]
[EventRounds "9"]
[EventCountry "IRI"]
[SourceTitle "EXT 2020"]
[Source "ChessBase"]
[SourceDate "2019.10.17"]
[SourceVersion "1"]
[SourceVersionDate "2019.10.17"]
[SourceQuality "1"]
[WhiteTeam "Tehran Banvan"]
[BlackTeam "Pavlodar"]
[WhiteTeamCountry "IRI"]
[BlackTeamCountry "KAZ"]

1. c4 c5 2. Nf3 Nf6 3. Nc3 Nc6 4. d4 cxd4 5. Nxd4 e6 6. a3 Nxd4 7. Qxd4 b6 8. Nb5 Bc5 9. Qf4 0-0 10. b4 Be7 11. Bb2 d5 12. Rd1 a5 13. cxd5 Nxd5 14. Qg3 Bf6 15. Nc3 axb4 16. axb4 Qe7 17. Rxd5 Bb7 18. Rd2 Rfd8 19. e4 Qxb4 20. Qe3 Rxd2 21. Qxd2 Rd8 22. Qc1 Rc8 23. Kd2 Bg5+ 0-1

[Event "Asia Cities-ch 15th"]
[Site "Tehran"]
[Date "2007.03.03"]
[Round "2.9"]
[White "Navabi, Shirin"]
[Black "Mohd, A Altaher"]
[Result "1/2-1/2"]
[WhiteElo "2081"]
[BlackElo "2130"]
[PlyCount "53"]
[EventDate "2007.03.02"]
[EventType "team-swiss"]
[EventRounds "9"]
[EventCountry "IRI"]
[SourceTitle "EXT 2020"]
[Source "ChessBase"]
[SourceDate "2019.10.17"]
[SourceVersion "1"]
[SourceVersionDate "2019.10.17"]
[SourceQuality "1"]
[WhiteTeam "Tehran Banvan"]
[BlackTeam "Sharjah"]
[WhiteTeamCountry "IRI"]
[BlackTeamCountry "UAE"]

1. Nf3 d5 2. c4 c6 3. b3 Bf5 4. Bb2 e6 5. g3 Nf6 6. Bg2 Be7 7. 0-0 h6 8. d3 0-0 9. Nbd2 Nbd7 10. Re1 Bh7 11. a3 a5 12. Qc2 Re8 13. e4 dxe4 14. Nxe4 Nxe4 15. dxe4 Nc5 16. Bd4 Qc7 17. Rad1 Nd7 18. Qb2 Bf6 19. e5 Be7 20. Nd2 Nc5 21. Bxc5 Bxc5 22. Be4 Qe7 23. Bxh7+ Kxh7 24. a4 Bb4 25. Rf1 Red8 26. Ne4 Rxd1 27. Rxd1 1/2-1/2

[Event "Asia-chT fin 04th (Women)"]
[Site "Esfahan"]
[Date "2005.12.22"]
[Round "2"]
[White "Nguyen, Thi Thanh An"]
[Black "Navabi, Shirin"]
[Result "1-0"]
[WhiteElo "2357"]
[BlackElo "2092"]
[PlyCount "99"]
[EventDate "2005.12.21"]
[EventType "team"]
[EventRounds "6"]
[EventCountry "IRI"]
[SourceTitle "CBM 110 Extra"]
[Source "ChessBase"]
[SourceDate "2006.03.10"]
[SourceVersion "2"]
[SourceVersionDate "2006.03.10"]
[SourceQuality "1"]
[WhiteTeam "Vietnam (W)"]
[BlackTeam "Iran (W) II"]
[WhiteTeamCountry "VIE"]
[BlackTeamCountry "IRI"]

1. c4 e5 2. Nc3 f5 3. d4 exd4 4. Qxd4 Nc6 5. Qe3+ Nce7 6. b3 Nf6 7. Bb2 Ng4 8. Qd2 d6 9. Nf3 Ng6 10. e3 N6e5 11. Be2 Nxf3+ 12. Bxf3 Ne5 13. Be2 Be6 14. 0-0 Qd7 15. Nb5 a6 16. Nd4 Bf7 17. f4 Ng4 18. Qd3 Nh6 19. e4 0-0-0 20. Nxf5 Nxf5 21. Bg4 Kb8 22. Bxf5 Qe7 23. Bh3 Rg8 24. Rad1 Re8 25. Rde1 Qh4 26. Bd4 Qd8 27. Bf2 Be7 28. Qe3 b6 29. g3 g5 30. Bg2 gxf4 31. Qxf4 Bg6 32. Qd2 Bf6 33. Bd4 Be5 34. Rd1 h5 35. Be3 Qd7 36. Bf4 h4 37. Qd5 Bf7 38. Qd3 hxg3 39. hxg3 Bh5 40. Rd2 Bg4 41. Rdf2 Bh5 42. Bxe5 Rxe5 43. Rf5 Qe8 44. Rxe5 dxe5 45. Rf6 Qe7 46. Rf2 Rd8 47. Qe3 Rg8 48. c5 b5 49. Rd2 Qg7 50. Rd5 1-0

[Event "Budapest FS06 FM-A"]
[Site "Budapest"]
[Date "2005.06.04"]
[Round "1"]
[White "Csapo, Zoltan"]
[Black "Navabi, Shirin"]
[Result "0-1"]
[WhiteElo "2169"]
[BlackElo "2122"]
[PlyCount "62"]
[EventDate "2005.06.04"]
[EventType "tourn"]
[EventRounds "11"]
[EventCountry "HUN"]
[SourceTitle "CBM 106 Extra"]
[Source "ChessBase"]
[SourceDate "2005.07.01"]
[SourceVersion "1"]
[SourceVersionDate "2005.07.01"]
[SourceQuality "1"]

1. e4 e5 2. Nf3 Nf6 3. Nc3 Bb4 4. Bc4 0-0 5. 0-0 Nc6 6. d3 Bxc3 7. bxc3 d5 8. exd5 Nxd5 9. Ng5 h6 10. Ne4 f5 11. Qh5 f4 12. g3 Rf5 13. Qf3 Kh8 14. g4 Rf8 15. g5 Nce7 16. Ba3 Rf5 17. Kh1 Nb6 18. Bb3 a5 19. gxh6 g5 20. Qh5 a4 21. Nxg5 axb3 22. Nf7+ Rxf7 23. Qxe5+ Kh7 24. axb3 Qd5+ 25. Qxd5 Nexd5 26. c4 Nf6 27. Bb2 Rxa1 28. Bxa1 Kxh6 29. d4 Bf5 30. Rc1 Kh5 31. c3 Rg7 0-1

[Event "Jinan 3 Arrows Cup"]
[Site "Jinan"]
[Date "2005.04.16"]
[Round "6"]
[White "Hou, Yifan"]
[Black "Navabi, Shirin"]
[Result "1-0"]
[WhiteElo "2158"]
[BlackElo "2122"]
[PlyCount "101"]
[EventDate "2005.04.14"]
[EventType "tourn"]
[EventRounds "11"]
[EventCountry "CHN"]
[EventCategory "2"]
[SourceTitle "CBM 105 Extra"]
[Source "ChessBase"]
[SourceDate "2005.05.01"]
[SourceVersion "1"]
[SourceVersionDate "2005.05.01"]
[SourceQuality "1"]

1. e4 e5 2. Nf3 Nf6 3. d4 Nxe4 4. Bd3 Nc6 5. Bxe4 d5 6. Bd3 e4 7. Be2 exf3 8. Bxf3 Be7 9. 0-0 0-0 10. Be3 Bf6 11. Nc3 Be6 12. Ne2 Bf5 13. Nf4 Be4 14. Bg4 Re8 15. c3 Rb8 16. Qd2 Bg6 17. Rae1 Ne7 18. Nxg6 hxg6 19. Bf4 Kf8 20. Qe3 Nf5 21. Qxe8+ Qxe8 22. Rxe8+ Rxe8 23. Bxc7 Rc8 24. Bf4 b5 25. Re1 b4 26. Bxf5 gxf5 27. Bd6+ Kg8 28. Bxb4 Rb8 29. g3 g6 30. Ba3 a5 31. Kg2 Kg7 32. f4 g5 33. Kf3 g4+ 34. Ke3 Rh8 35. Re2 Bd8 36. Bd6 f6 37. Kd3 Bb6 38. a4 Kf7 39. b4 Ra8 40. Re7+ Kg6 41. Rb7 axb4 42. Rxb6 bxc3 43. Rb4 c2 44. Kxc2 Rh8 45. Rb3 Rxh2+ 46. Kc3 Ra2 47. Kb4 Rd2 48. Bc5 Rc2 49. a5 Rc4+ 50. Kb5 Rc1 51. a6 1-0

[Event "Asia-ch (Women)"]
[Site "Beirut"]
[Date "2004.12.04"]
[Round "1"]
[White "Ju, Wenjun"]
[Black "Navabi, Shirin"]
[Result "1-0"]
[WhiteElo "2300"]
[BlackElo "2107"]
[PlyCount "119"]
[EventDate "2004.12.03"]
[EventType "swiss"]
[EventRounds "9"]
[EventCountry "LBN"]
[SourceTitle "CBM 103 Extra"]
[Source "ChessBase"]
[SourceDate "2005.01.01"]
[SourceVersion "1"]
[SourceVersionDate "2005.01.01"]
[SourceQuality "1"]

1. c4 e5 2. Nc3 f5 3. d3 g6 4. g3 Bg7 5. Bg2 Nf6 6. e3 Nc6 7. Nge2 d6 8. Rb1 a5 9. a3 0-0 10. 0-0 h6 11. b4 axb4 12. axb4 Kh7 13. b5 Ne7 14. Qb3 g5 15. f4 Ng6 16. Kh1 gxf4 17. exf4 h5 18. b6 c6 19. fxe5 dxe5 20. Bg5 Qd6 21. Qb4 Qxb4 22. Rxb4 Be6 23. d4 Ne4 24. d5 Nxg5 25. h4 Ne4 26. Nxe4 fxe4 27. dxe6 Rxf1+ 28. Bxf1 Ra1 29. Kg2 Bf8 30. Rb2 Bc5 31. Nc3 Bd4 32. Rc2 Bxb6 33. Nxe4 Bd4 34. Nd6 b6 35. Bd3 Ra7 36. Kf3 Re7 37. Bf5 Kg7 38. Ra2 Bc5 39. Ne4 Nf8 40. Nxc5 bxc5 41. Ra5 Nxe6 42. Bxe6 Rxe6 43. Rxc5 Kf6 44. Ke4 Rd6 45. Rxe5 Kg6 46. c5 Rf6 47. Rg5+ Kh6 48. Ke5 Rf1 49. Kd6 Rf6+ 50. Kd7 Rg6 51. Rxg6+ Kxg6 52. Kxc6 Kf5 53. Kd7 Kg4 54. c6 Kxg3 55. c7 Kxh4 56. c8Q Kg3 57. Qc3+ Kg4 58. Qd4+ Kh3 59. Qg7 h4 60. Qg5 1-0

[Event "Olympiad Women-36"]
[Site "Mallorca"]
[Date "2004.10.23"]
[Round "8.3"]
[White "Blazkova, Petra"]
[Black "Navabi, Shirin"]
[Result "0-1"]
[WhiteElo "2214"]
[BlackElo "2107"]
[PlyCount "100"]
[EventDate "2004.10.15"]
[EventType "team-swiss"]
[EventRounds "14"]
[EventCountry "ESP"]
[SourceTitle "CBM 102 Extra"]
[Source "ChessBase"]
[SourceDate "2004.11.03"]
[SourceVersion "1"]
[SourceVersionDate "2004.11.03"]
[SourceQuality "1"]
[WhiteTeam "Czech Republic (W)"]
[BlackTeam "Iran (W)"]
[WhiteTeamCountry "CZE"]
[BlackTeamCountry "IRI"]

1. e4 e5 2. d4 exd4 3. Nf3 Bb4+ 4. c3 dxc3 5. Nxc3 Bxc3+ 6. bxc3 Ne7 7. Bc4 0-0 8. 0-0 d6 9. Bg5 Nbc6 10. Bd5 Bg4 11. h3 Bxf3 12. Qxf3 Qd7 13. Qg3 Nxd5 14. exd5 Ne7 15. c4 f6 16. Bd2 b5 17. Qd3 Rab8 18. Rab1 a6 19. Rfc1 Rfc8 20. c5 Qf5 21. Qxf5 Nxf5 22. cxd6 Nxd6 23. Rc6 Rb6 24. Rbc1 Nc4 25. Bf4 Rxc6 26. dxc6 Rd8 27. Bxc7 Rc8 28. Bf4 Rxc6 29. Rd1 Ne5 30. Rd2 Kf7 31. Kf1 Ke6 32. Ke2 a5 33. h4 b4 34. h5 Rc4 35. g3 a4 36. Rb2 Kd5 37. Be3 Kc6 38. Kd1 Nd3 39. Rd2 Ne5 40. h6 gxh6 41. Bxh6 b3 42. axb3 axb3 43. Bf8 Kb5 44. Ba3 Ra4 45. Bb2 Nc4 46. Re2 Nxb2+ 47. Rxb2 Kc4 48. Rb1 Ra2 49. Rc1+ Kd3 50. f4 b2 0-1

[Event "Olympiad Women-36"]
[Site "Mallorca"]
[Date "2004.10.16"]
[Round "2.3"]
[White "Smokina, Karolina"]
[Black "Navabi, Shirin"]
[Result "1/2-1/2"]
[WhiteElo "2267"]
[BlackElo "2107"]
[PlyCount "79"]
[EventDate "2004.10.15"]
[EventType "team-swiss"]
[EventRounds "14"]
[EventCountry "ESP"]
[SourceTitle "CBM 102 Extra"]
[Source "ChessBase"]
[SourceDate "2004.11.03"]
[SourceVersion "1"]
[SourceVersionDate "2004.11.03"]
[SourceQuality "1"]
[WhiteTeam "Moldova (W)"]
[BlackTeam "Iran (W)"]
[WhiteTeamCountry "MDA"]
[BlackTeamCountry "IRI"]

1. c4 f5 2. Nc3 Nf6 3. Nf3 e6 4. d4 Bb4 5. Qc2 0-0 6. Bf4 b6 7. e3 Bb7 8. Bd3 Ne4 9. h3 d6 10. 0-0 Bxc3 11. bxc3 Qe7 12. a4 a5 13. Rab1 Kh8 14. Bh2 Nd7 15. Nd2 Nxd2 16. Qxd2 e5 17. f4 exf4 18. Bxf4 Be4 19. Qc2 Rae8 20. Bxe4 Qxe4 21. Qxe4 Rxe4 22. Rb5 h6 23. Rf3 Kh7 24. Bg3 g6 25. c5 c6 26. Rb1 dxc5 27. dxc5 bxc5 28. Bd6 Rf7 29. Rf4 Rxe3 30. Rc4 Re4 31. Rxe4 fxe4 32. Re1 Nf6 33. Bxc5 Nd5 34. Rxe4 Nxc3 35. Rc4 Nd5 36. Bf2 Nb4 37. Bb6 Rf5 38. Bxa5 Rxa5 39. Rxb4 Kg7 40. Kf2 1/2-1/2